<?xml version="1.0" encoding="UTF-8"?>
<collection xmlns:xsi="http://www.w3.org/2001/XMLSchema-instance" xsi:schemaLocation="http://www.loc.gov/MARC21/slim http://www.loc.gov/standards/marcxml/schema/MARC21slim.xsd" xmlns="http://www.loc.gov/MARC21/slim">
 <record>
  <leader>00000ctm a22000003a 4500</leader>
  <controlfield tag="001">UP-99796217608565916</controlfield>
  <controlfield tag="003">Buklod</controlfield>
  <controlfield tag="005">20081022101033.0</controlfield>
  <controlfield tag="006">a     r    |||| u|</controlfield>
  <controlfield tag="007">ta</controlfield>
  <controlfield tag="008">081022s        xx     d     r    |||| u|</controlfield>
  <datafield tag="035" ind1=" " ind2=" ">
   <subfield code="a">(iLib)UPD-00057295452</subfield>
  </datafield>
  <datafield tag="040" ind1=" " ind2=" ">
   <subfield code="a">DCHE</subfield>
  </datafield>
  <datafield tag="041" ind1=" " ind2=" ">
   <subfield code="a">eng</subfield>
  </datafield>
  <datafield tag="090" ind1=" " ind2=" ">
   <subfield code="a">LG 993.5 1997 F66</subfield>
   <subfield code="b">T67</subfield>
  </datafield>
  <datafield tag="100" ind1="1" ind2=" ">
   <subfield code="a">Torres, Danilo Monserrata</subfield>
  </datafield>
  <datafield tag="245" ind1="1" ind2="0">
   <subfield code="a">Characterization of commercially available ready-to-drink buko juice</subfield>
   <subfield code="c">Danilo M. Torres ; Ma. Leonora dL. Francisco, adviser.</subfield>
  </datafield>
  <datafield tag="264" ind1=" " ind2="1">
   <subfield code="a">1997.</subfield>
  </datafield>
  <datafield tag="300" ind1=" " ind2=" ">
   <subfield code="a">68 leaves.</subfield>
  </datafield>
  <datafield tag="500" ind1=" " ind2=" ">
   <subfield code="a">Thesis (BSFT)--University of the Philippines Diliman.</subfield>
  </datafield>
  <datafield tag="520" ind1=" " ind2=" ">
   <subfield code="a">The quality of ready-to-drink, commercially available buko juice was assessed. Procedures for preparing these juices were determined by visitation in places where they are produced. Physico-chemical, microbiological and sensory analyses were conducted for selected samples. Results indicated that the small scale producers do not use any type of preservatives in their products. The pH range of buko juice is from 4.8 to 5.3. Titrable acidity expressed as acetic acid was approximately 0.04%. Microbial count was about 1.83 x 10^3 to 8.2 x 10^4 cfu/mL. Based on the preference, the panelists wanted buko juice that has young, tender meat and has sweet-sour combination inherent in pure buko water. The kinetics of physico-chemical and microbiological changes was determined. This was done by monitoring the changes in some physico-chemical and microbiological changes stored at 6-10°C. The rate of change of titrable acidity is from 0.00005 to 0.00114 per unit of time. Soluble solids change at a rate of -0.0095 to -0.031 pero unit of time. Total plate count increases at rated between 0.076 to 0.097 log number of microorganism per unit of time. Yeast and mold counts on the other hand have rates of change from 0.1175 to 0.12 per unit of time. It lasted until undesirable change was noticed in the product. The shelf life of the buko juices was established as one and a half days to three days.</subfield>
  </datafield>
  <datafield tag="650" ind1="1" ind2="7">
   <subfield code="a">Coconut products.</subfield>
  </datafield>
  <datafield tag="650" ind1="1" ind2="7">
   <subfield code="a">Coconut water.</subfield>
  </datafield>
  <datafield tag="700" ind1="1" ind2=" ">
   <subfield code="a">Francisco, Ma. Leonora dL.</subfield>
  </datafield>
  <datafield tag="905" ind1=" " ind2=" ">
   <subfield code="a">UPIANA</subfield>
  </datafield>
  <datafield tag="950" ind1=" " ind2=" ">
   <subfield code="a">Thesis</subfield>
  </datafield>
  <datafield tag="852" ind1="0" ind2=" ">
   <subfield code="a">UPD</subfield>
   <subfield code="b">DCHE</subfield>
   <subfield code="h">LG 993.5 1997 F66</subfield>
   <subfield code="i">T67</subfield>
  </datafield>
  <datafield tag="942" ind1=" " ind2=" ">
   <subfield code="a">Thesis</subfield>
  </datafield>
 </record>
</collection>
